La Eucaristía de los niños / (Registro nro. 12507)

Detalles MARC
000 -LEADER
fixed length control field 00790nam a2200277 b 4500
001 - CONTROL NUMBER
control field
003 - CONTROL NUMBER IDENTIFIER
control field DO-SdBNP
005 - DATE AND TIME OF LATEST TRANSACTION
control field 20170118095300.0
008 - FIXED-LENGTH DATA ELEMENTS--GENERAL INFORMATION
fixed length control field 960805s1996 sp | ||| ||spa
016 7# - NATIONAL BIBLIOGRAPHIC AGENCY CONTROL NUMBER
Record control number
Source
017 ## - COPYRIGHT OR LEGAL DEPOSIT NUMBER
Copyright or legal deposit number
Assigning agency
020 ## - INTERNATIONAL STANDARD BOOK NUMBER
International Standard Book Number 8474673763
035 ## - SYSTEM CONTROL NUMBER
System control number (OCoLC)
040 ## - CATALOGING SOURCE
Original cataloging agency BPMSU
Language of cataloging spa
Transcribing agency BPMSU
Description conventions
080 #0 - UNIVERSAL DECIMAL CLASSIFICATION NUMBER
Universal Decimal Classification number
245 13 - TITLE STATEMENT
Title La Eucaristía de los niños /
Medium
Statement of responsibility, etc. preparado por Josep Lligadas ; dibujos de Josep M. Codina
250 ## - EDITION STATEMENT
Edition statement 9ª ed.
260 ## - PUBLICATION, DISTRIBUTION, ETC. (IMPRINT)
Place of publication, distribution, etc. Barcelona :
Name of publisher, distributor, etc. Centre de Pastoral Litúrgica,
Date of publication, distribution, etc. 1996
300 ## - PHYSICAL DESCRIPTION
Extent 48 p.;
Other physical details il. ;
Dimensions 17 cm
490 ## - SERIES STATEMENT
Series statement Colección "Celebrar"
700 1# - ADDED ENTRY--PERSONAL NAME
Personal name Lligadas, Josep
Dates associated with a name 1950-
700 1# - ADDED ENTRY--PERSONAL NAME
Personal name Codina, Josep M.
Relator term il.
830 ## - SERIES ADDED ENTRY--UNIFORM TITLE
Uniform title Colección "Celebrar"
942 ## - ADDED ENTRY ELEMENTS (KOHA)
Source of classification or shelving scheme Dewey Decimal Classification
Koha item type Libros
956 ## - LOCAL ELECTRONIC LOCATION AND ACCESS (OCLC)
Host name VMATEO
Access number 10
Compression information 20170118
Path BPMSU
Electronic name 0069
Existencias
Withdrawn status Lost status Source of classification or shelving scheme Damaged status Not for loan Collection code Home library Current library Date acquired Source of acquisition Total Checkouts Barcode Date last seen Price effective from Koha item type
    Dewey Decimal Classification     Colección General Biblioteca Pública Metropolitana Salomé Ureña Biblioteca Pública Metropolitana Salomé Ureña 01/18/2017 Fundación Educativa y Cultural (FUNDI)   BPMSU17010720 01/18/2017 01/18/2017 Libros